000 00392nam a2200169Ia 4500
008 180921t xxu||||| |||| 00| 0 eng d
041 _aeng
080 _a54
_bLIP
100 _aLippincott,W.T.
245 _aChemistry
260 _bJohn Wiley & sons
_aNew york
300 _a759p., 26 cm
650 _aChemistry
942 _cBK
999 _c15629
_d15629
003 LK-CoDNM
040 _aLK-CoDNM
_dLK-CoDNM
_eLK-CoDNM